000 00441nam a2200169Ia 4500
005 20250507125815.0
008 008 250505s9999 xx 000 0 kor d
037 _aAudio
040 _aEASL
_beng
_cEASL
041 _akor
_2eng
084 _aCD00343-358
_qEASL
245 0 _aKorean Culture
490 _vV. 1: Hangukyinyi Jungyiran?V. 10
650 _aKorean
942 _cAUD
_hCD00343-358
999 _c1313320
_d1313320